000 00674nam a22002177a 4500
003 UA-OsUOA
001 82620
007 ta
008 20120315b un ||||| |||| 00| 0 ukr d
100 _aКозак В.
090 _a657
_bК59
942 _cSA
040 _aUA-OsUOA
_bukr
_cUA-OsUOA
_dUA-OsUOA
245 _aПро українську мову в бухгалтерському обліку
300 _aС.13-16
955 _a0
041 _aukr
080 _a657
773 0 _w82618
_tБухгалтерський облік і аудит
_dК.
_d2012
_g2
650 7 _a657 Бухгалтерія. Бухгалтерський облік. Рахівництво
_2UDC
999 _c368933
_d368933